<?xml version="1.0" encoding="UTF-8"?>
<record
    xmlns:xsi="http://www.w3.org/2001/XMLSchema-instance"
    xsi:schemaLocation="http://www.loc.gov/MARC21/slim http://www.loc.gov/standards/marcxml/schema/MARC21slim.xsd"
    xmlns="http://www.loc.gov/MARC21/slim">

  <leader>00837nab a2200229uuc4500</leader>
  <controlfield tag="001">1181411</controlfield>
  <controlfield tag="005">20240202093418.0</controlfield>
  <controlfield tag="008">091127e20091231                    spa  </controlfield>
  <datafield tag="035" ind1=" " ind2=" ">
    <subfield code="a">1181411</subfield>
  </datafield>
  <datafield tag="035" ind1=" " ind2=" ">
    <subfield code="a">(OCoLC)820518139</subfield>
  </datafield>
  <datafield tag="040" ind1=" " ind2=" ">
    <subfield code="c">comduadb</subfield>
  </datafield>
  <datafield tag="041" ind1=" " ind2=" ">
    <subfield code="a">spa</subfield>
  </datafield>
  <datafield tag="100" ind1="1" ind2="0">
    <subfield code="a">Gomez de Arango, Marta Lucia</subfield>
    <subfield code="4">aut</subfield>
    <subfield code="e">aut</subfield>
    <subfield code="9">256980</subfield>
  </datafield>
  <datafield tag="245" ind1="1" ind2="0">
    <subfield code="a">Y del ciberperiodismo qu&#xE9;? Una mirada a las transformaciones de los peri&#xF3;dicos y de los periodistas para sobrevivir en el nuevo ecosistema digital</subfield>
  </datafield>
  <datafield tag="650" ind1=" " ind2="7">
    <subfield code="a">Periodismo digital</subfield>
    <subfield code="2">embne</subfield>
    <subfield code="9">150691</subfield>
  </datafield>
  <datafield tag="650" ind1=" " ind2="0">
    <subfield code="a">Periodistas</subfield>
    <subfield code="9">35673</subfield>
  </datafield>
  <datafield tag="650" ind1=" " ind2=" ">
    <subfield code="a">Web 2.0</subfield>
    <subfield code="9">160633</subfield>
  </datafield>
  <datafield tag="650" ind1=" " ind2=" ">
    <subfield code="a">Internet y periodismo</subfield>
    <subfield code="9">152831</subfield>
  </datafield>
  <datafield tag="650" ind1=" " ind2="7">
    <subfield code="a">P&#xE1;ginas Web</subfield>
    <subfield code="2">lemb</subfield>
    <subfield code="9">196244</subfield>
  </datafield>
  <datafield tag="773" ind1="0" ind2=" ">
    <subfield code="t">Comunicaci&#xF3;n (Medell&#xED;n)</subfield>
    <subfield code="g">N&#xFA;mero 026, Enero-Diciembre 2009, p. 29-41</subfield>
    <subfield code="w">265951</subfield>
    <subfield code="x">0120-1166</subfield>
    <subfield code="0">94601</subfield>
  </datafield>
  <datafield tag="942" ind1=" " ind2=" ">
    <subfield code="c">ARIMP</subfield>
  </datafield>
  <datafield tag="999" ind1=" " ind2=" ">
    <subfield code="c">531091</subfield>
    <subfield code="d">531091</subfield>
  </datafield>
</record>
